000 00576nam a2200181 i 4500
001 61704
003 ES-MaACL
005 20230906164527.0
007 t|
008 031113s1968 sp ||||1| spa d
110 2 _aUniversidad de Madrid.
_bFacultad de Farmacia.
_97213
245 1 0 _aGuía de la Facultad de Farmacia /
_cFacultad de farmacia.
260 _a[Madrid :
_bPap. del Valle,
_c1968]
300 _a110 p., 4 lám. ;
_c17 cm.
500 _aPrecede al tít.: Universidad de Madrid.
710 2 _aUniversidad de Madrid.
_97205
852 _aES-MaACL
_jC-34290
_bR.65118
999 _c61704
_d61704